000
00261nmm a2200085Ia 4500
008
220120s9999||||xx |||||||||||||||||und||
100
_a
Digit
245
0
_a
Visual Novels, Security tools, frontiers and controversies i
260
_a
Coorg Institute of Technology
_c
2019
999
_c
140103
_d
140103